书目信息 |
| 题名: |
立体与平面
|
|
| 作者: | 汤献斌 编著 | |
| 分册: | ||
| 出版信息: | 北京 中国纺织出版社 2002 |
|
| 页数: | 257页 | |
| 开本: | 21cm | |
| 丛书名: | 中西文化比较丛书 | |
| 单 册: | ||
| 中图分类: | TS941.12 , J523.5 | |
| 科图分类: | ||
| 主题词: | 服饰--文化--对比研究--中国--西方国家 , 服饰 , 工艺美术--中国 | |
| 电子资源: | ||
| ISBN: | 7-5064-2297-2 | |
| 000 | 01087oam2 2200301 450 | |
| 001 | 1560392746 | |
| 005 | 20150131164807.81 | |
| 010 | @a7-5064-2297-2@dCNY20.00 | |
| 100 | @a20020823d2002 em y0chiy0110 ea | |
| 101 | 0 | @achi |
| 102 | @aCN@b110000 | |
| 105 | @aa z 000yy | |
| 200 | 1 | @a立体与平面@9li ti yu ping mian@e中西服饰文化比较@f汤献斌编著 |
| 210 | @a北京@c中国纺织出版社@d2002 | |
| 215 | @a257页@c图@d21cm | |
| 225 | 2 | @a中西文化比较丛书 |
| 314 | @a汤献斌(1975~),生于桂林,北京服装学院硕士研究生毕业,就职于上海一服装公司,著有《立体与平面——中西服饰文化比较》等。 | |
| 330 | @a本书以生动有趣的图片,通俗易懂的语言讲解了东西方文化在服饰文化层面的特质,比较了他们的异同及对整个世界服饰文化发展的影响。 | |
| 461 | 0 | @12001 @a中西文化比较丛书 |
| 517 | 1 | @a中西服饰文化比较@9zhong xi fu shi wen hua bi jiao |
| 606 | 0 | @a服饰@x文化@x对比研究@y中国@y西方国家 |
| 606 | 0 | @a服饰 |
| 606 | 0 | @a工艺美术@x中国 |
| 690 | @aTS941.12@v5 | |
| 690 | @aJ523.5@v4 | |
| 701 | 0 | @a汤献斌@9tang xian bin@4编著 |
| 801 | 0 | @aCN@bTSSF@c20150131 |
| 905 | @aZUCC@dJ523.5@eJY62 | |
| 立体与平面:中西服饰文化比较/汤献斌编著.-北京:中国纺织出版社,2002 |
| 257页:图;21cm.-(中西文化比较丛书) |
| ISBN 7-5064-2297-2:CNY20.00 |
| 本书以生动有趣的图片,通俗易懂的语言讲解了东西方文化在服饰文化层面的特质,比较了他们的异同及对整个世界服饰文化发展的影响。 |
| ● |
| 相关链接 |
|
|
|
|
正题名:立体与平面
索取号:J523.5/JY62
 
预约/预借
| 序号 | 登录号 | 条形码 | 馆藏地/架位号 | 状态 | 备注 |
| 1 | 7862020 | 278620208 | 学院路分馆/ [索取号:J523.5/JY62] | 在馆 | |
| 2 | 7862021 | 278620217 | 学院路分馆/ [索取号:J523.5/JY62] | 在馆 |